All 150k+ Cities in South America - Statistics

General Stats
  • This quiz has been taken 54 times
  • The average score is 109 of 371
Answers on the Map
Answers color-coded by a green-red scale on the quiz's map according to % correct below.
 
Answer Stats
Group Rank Population Answer % Correct
Argentina 1 12,801,365 Buenos Aires
97%
Venezuela 1 2,956,813 Caracas
97%
Peru 1 9,562,280 Lima
97%
Uruguay 1 1,319,108 Montevideo
97%
Brazil 2 6,775,561 Rio de Janeiro
97%
Chile 1 4,837,295 Santiago
97%
Brazil 1 12,396,372 São Paulo
97%
Paraguay 1 512,112 Asunción
95%
Colombia 1 8,181,047 Bogotá
95%
Brazil 3 3,094,325 Brasília
95%
Bolivia 3 757,184 La Paz
95%
Colombia 3 2,445,405 Cali
90%
Argentina 2 1,317,298 Córdoba
90%
Brazil 5 2,703,391 Fortaleza
90%
Ecuador 1 2,278,691 Guayaquil
90%
Ecuador 2 1,607,734 Quito
90%
Brazil 4 2,900,319 Salvador
90%
Brazil 7 2,255,903 Manaus
87%
Colombia 2 2,529,403 Medellín
87%
Brazil 12 1,492,530 Porto Alegre
87%
Colombia 4 1,232,462 Barranquilla
85%
Brazil 6 2,530,701 Belo Horizonte
85%
Guyana 1 235,017 Georgetown
85%
Argentina 3 1,193,605 Rosario
85%
Colombia 14 482,287 Bello
82%
Suriname 1 240,924 Paramaribo
82%
Bolivia 6 237,480 Sucre
82%
Venezuela 6 888,109 Valencia
82%
Peru 8 428,450 Cusco
79%
Brazil 11 1,506,420 Belém
77%
Venezuela 2 2,658,355 Maracaibo
77%
Brazil 9 1,661,017 Recife
77%
Colombia 5 1,036,134 Cartagena
74%
Brazil 8 1,963,726 Curitiba
74%
Peru 2 1,008,290 Arequipa
69%
Brazil 15 1,115,932 São Luís
69%
Brazil 14 1,223,237 Campinas
67%
Bolivia 4 630,587 Cochabamba
67%
Brazil 10 1,555,626 Goiânia
67%
Brazil 20 896,708 Natal
64%
Chile 5 282,448 Valparaíso
64%
Chile 3 309,832 Antofagasta
62%
Brazil 46 516,524 Florianópolis
62%
Bolivia 1 1,441,406 Santa Cruz de la Sierra
62%
Peru 4 919,899 Trujillo
62%
Venezuela 7 620,555 Barcelona
59%
Peru 10 377,609 Iquitos
59%
Argentina 4 643,133 La Plata
59%
Argentina 7 520,683 Salta
59%
Argentina 8 391,164 Santa Fe de la Vera Cruz
59%
Chile 10 215,413 Concepción
56%
Venezuela 4 955,362 Maracay
56%
Argentina 6 548,866 San Miguel de Tucumán
56%
Brazil 101 285,159 Santa Maria
56%
Brazil 57 433,991 Santos
54%
Brazil 71 369,534 Vitória
54%
Venezuela 3 1,114,097 Barquisimeto
51%
Brazil 19 916,001 Campo Grande
51%
Bolivia 2 842,378 El Alto
51%
Brazil 23 825,796 João Pessoa
51%
Argentina 5 593,337 Mar del Plata
51%
Argentina 11 291,327 Bahía Blanca
49%
Brazil 55 436,591 Boa Vista
49%
Colombia 6 668,838 Cúcuta
49%
Brazil 35 623,614 Cuiabá
49%
Brazil 40 548,952 Porto Velho
49%
Colombia 12 507,455 Santa Marta
49%
Brazil 21 871,126 Teresina
49%
Brazil 29 706,597 Uberlândia
49%
Chile 4 294,551 Viña del Mar
49%
Chile 13 185,999 Arica
46%
Colombia 10 528,610 Bucaramanga
46%
Venezuela 5 946,606 Ciudad Guayana
46%
Ecuador 3 329,928 Cuenca
46%
Brazil 13 1,404,694 Guarulhos
46%
Brazil 17 1,031,597 Maceió
46%
Bolivia 5 264,683 Oruro
46%
Peru 5 552,508 Chiclayo
44%
Chile 9 227,499 Iquique
44%
Peru 11 293,119 Tacna
44%
Chile 8 238,129 Temuco
44%
Brazil 33 672,614 Aracaju
41%
Peru 3 994,494 Callao
41%
Venezuela 10 402,476 Ciudad Bolívar
41%
Brazil 36 604,708 Joinville
41%
Brazil 38 580,870 Londrina
41%
Chile 15 160,054 Puerto Montt
41%
Brazil 60 419,452 Rio Branco
41%
Brazil 116 253,705 São José
41%
Brazil 62 413,830 Campina Grande
38%
Paraguay 2 222,274 Ciudad del Este
38%
Peru 13 244,399 Ica
38%
Brazil 44 522,357 Macapá
38%
Venezuela 14 317,410 Mérida
38%
Argentina 17 231,198 Neuquén
38%
Brazil 89 313,349 Palmas
38%
Brazil 92 308,339 Santarém
38%
Brazil 16 1,098,357 São Gonçalo
38%
Brazil 65 396,526 Anápolis
36%
Argentina 9 346,334 Corrientes
36%
Brazil 18 929,449 Duque de Caxias
36%
Peru 7 456,250 Huancayo
36%
Chile 16 154,521 La Serena
36%
Argentina 16 247,139 Paraná
36%
Brazil 79 343,826 Pelotas
36%
Peru 6 473,025 Piura
36%
Bolivia 8 174,973 Potosí
36%
Argentina 12 290,723 Resistencia
36%
Brazil 181 166,159 Caxias
33%
Brazil 43 523,716 Caxias do Sul
33%
Peru 9 381,513 Chimbote
33%
Brazil 112 257,971 Foz do Iguaçu
33%
Brazil 45 516,981 Niterói
33%
Brazil 24 825,388 Nova Iguaçu
33%
Chile 2 510,417 Puente Alto
33%
Venezuela 15 289,852 San Cristóbal
33%
Brazil 25 737,310 São José dos Campos
33%
Colombia 7 666,247 Soledad
33%
Argentina 22 175,196 Comodoro Rivadavia
31%
Argentina 18 222,226 Formosa
31%
Brazil 59 426,935 Jundiaí
31%
Venezuela 8 472,909 Maturín
31%
Brazil 75 359,372 Petrolina
31%
Brazil 93 307,144 Petrópolis
31%
Brazil 27 720,116 Ribeirão Preto
31%
Brazil 146 212,881 Rio Grande
31%
Ecuador 4 270,875 Santo Domingo
31%
Brazil 74 366,418 Blumenau
28%
Brazil 85 336,073 Cascavel
28%
Colombia 8 569,336 Ibagué
28%
Brazil 39 577,532 Juiz de Fora
28%
Argentina 21 178,872 La Rioja
28%
Brazil 56 436,472 Maringá
28%
Colombia 15 476,636 Pereira
28%
Argentina 13 275,028 Posadas
28%
Brazil 82 340,277 Uberaba
28%
Colombia 22 301,224 Armenia
26%
Brazil 48 514,643 Campos dos Goytacazes
26%
Brazil 34 624,107 Feira de Santana
26%
Peru 12 273,882 Juliaca
26%
Colombia 19 400,136 Manizales
26%
Ecuador 7 217,553 Manta
26%
Colombia 17 455,678 Pasto
26%
Venezuela 28 185,120 Porlamar
26%
Peru 15 211,651 Pucallpa
26%
Argentina 14 257,970 San Salvador de Jujuy
26%
Brazil 31 695,328 Sorocaba
26%
Colombia 13 483,286 Valledupar
26%
Colombia 11 516,831 Villavicencio
26%
Brazil 41 540,410 Ananindeua
23%
Brazil 37 601,844 Aparecida de Goiânia
23%
Brazil 68 381,706 Bauru
23%
Brazil 72 369,343 Caruaru
23%
Venezuela 9 423,546 Cumaná
23%
Brazil 77 358,539 Franca
23%
Brazil 111 259,980 Imperatriz
23%
Ecuador 11 170,280 Loja
23%
Colombia 20 347,438 Neiva
23%
Brazil 66 393,734 Olinda
23%
Brazil 76 358,838 Ponta Grossa
23%
Paraguay 3 204,356 San Lorenzo
23%
Argentina 23 169,947 San Luis
23%
Brazil 22 849,874 São Bernardo do Campo
23%
Brazil 42 536,765 Serra
23%
Colombia 9 544,997 Soacha
23%
Chile 12 197,479 Talca
23%
Bolivia 7 179,528 Tarija
23%
Ecuador 12 165,185 Ambato
21%
Brazil 54 450,024 Betim
21%
Colombia 18 424,047 Buenaventura
21%
Venezuela 16 288,595 Cabimas
21%
Brazil 133 234,077 Cabo Frio
21%
Brazil 32 673,849 Contagem
21%
Venezuela 22 246,657 Coro
21%
Ecuador 6 230,839 Durán
21%
Ecuador 13 161,868 Esmeraldas
21%
Brazil 102 282,164 Governador Valadares
21%
Venezuela 26 192,291 Guatire
21%
Brazil 108 267,333 Ipatinga
21%
Brazil 141 219,544 Juazeiro
21%
Colombia 16 460,082 Montería
21%
Brazil 61 417,478 Montes Claros
21%
Brazil 30 701,428 Osasco
21%
Colombia 21 310,594 Palmira
21%
Colombia 25 284,737 Popayán
21%
Brazil 200 152,529 Porto Seguro
21%
Brazil 134 231,953 Presidente Prudente
21%
Colombia 23 286,973 Riohacha
21%
Brazil 120 247,259 Rio Verde
21%
Brazil 115 256,915 São Carlos
21%
Brazil 49 508,655 Vila Velha
21%
Brazil 80 343,643 Vitória da Conquista
21%
Venezuela 25 203,358 Acarigua
18%
Peru 17 180,766 Ayacucho
18%
Colombia 36 191,495 Barrancabermeja
18%
Brazil 47 515,239 Belford Roxo
18%
Brazil 125 242,505 Divinópolis
18%
Venezuela 38 151,011 El Tigre
18%
Brazil 190 157,639 Ilhéus
18%
Brazil 105 278,264 Juazeiro do Norte
18%
Ecuador 5 231,260 Machala
18%
Brazil 119 247,303 Novo Hamburgo
18%
Venezuela 18 277,017 Punto Fijo
18%
Chile 7 249,858 San Bernardo
18%
Argentina 15 252,192 Santiago del Estero
18%
Brazil 26 723,889 Santo André
18%
Colombia 24 286,749 Sincelejo
18%
Brazil 106 274,925 Volta Redonda
18%
Venezuela 12 353,442 Barinas
15%
Peru 14 226,031 Cajamarca
15%
Brazil 91 309,208 Camaçari
15%
Brazil 154 205,667 Castanhal
15%
Brazil 73 368,918 Caucaia
15%
Brazil 137 227,587 Chapecó
15%
Brazil 117 249,277 Colombo
15%
Brazil 142 219,393 Criciúma
15%
Colombia 27 267,124 Floridablanca
15%
Peru 19 175,068 Huánuco
15%
Ecuador 9 181,175 Ibarra
15%
Brazil 145 214,123 Itabuna
15%
Brazil 28 711,330 Jaboatão dos Guararapes
15%
Brazil 155 204,669 Lauro de Freitas
15%
Venezuela 17 279,424 Los Teques
15%
Brazil 144 214,645 Luziânia
15%
Brazil 118 247,741 Magé
15%
Brazil 99 287,664 Marabá
15%
Brazil 135 230,986 Maracanaú
15%
Brazil 53 455,587 Mogi das Cruzes
15%
Brazil 94 303,792 Mossoró
15%
Brazil 183 162,893 Nilópolis
15%
Brazil 197 153,863 Parnaíba
15%
Brazil 107 272,490 Parnamirim
15%
Brazil 153 206,103 Passo Fundo
15%
Brazil 176 171,885 Pindamonhangaba
15%
Brazil 63 410,275 Piracicaba
15%
Brazil 81 341,415 Ribeirão das Neves
15%
Ecuador 14 156,723 Riobamba
15%
Brazil 129 239,613 Rondonópolis
15%
Brazil 140 221,705 Santa Luzia
15%
Brazil 52 469,173 São José do Rio Preto
15%
Brazil 147 212,437 Sobral
15%
Brazil 162 185,820 Teresópolis
15%
Brazil 174 175,720 Valparaíso de Goiás
15%
Brazil 97 290,383 Várzea Grande
15%
Brazil 185 160,439 Abaetetuba
13%
Brazil 139 222,850 Águas Lindas de Goiás
13%
Brazil 199 153,023 Alagoinhas
13%
Brazil 148 212,352 Alvorada
13%
Brazil 151 210,171 Angra dos Reis
13%
Brazil 156 199,210 Araçatuba
13%
Brazil 161 186,245 Araguaína
13%
Brazil 132 234,309 Arapiraca
13%
Brazil 127 240,542 Araraquara
13%
Brazil 163 185,237 Barra Mansa
13%
Brazil 189 158,432 Barreiras
13%
Brazil 103 279,704 Barueri
13%
Brazil 150 210,796 Cabo de Santo Agostinho
13%
Brazil 149 212,172 Cachoeiro de Itapemirim
13%
Brazil 186 159,945 Camaragibe
13%
Brazil 67 386,495 Cariacica
13%
Chile 17 150,396 Chillán
13%
Chile 14 161,317 Coquimbo
13%
Brazil 58 429,550 Diadema
13%
Brazil 104 279,264 Embu das Artes
13%
Colombia 37 181,493 Florencia
13%
Brazil 100 285,564 Gravataí
13%
Brazil 87 324,977 Guarujá
13%
Brazil 130 237,570 Hortolândia
13%
Colombia 26 276,916 Itagüí
13%
Brazil 138 226,617 Itajaí
13%
Brazil 69 379,082 Itaquaquecetuba
13%
Brazil 172 177,150 Itu
13%
Brazil 198 153,463 Jaú
13%
Brazil 193 156,277 Jequié
13%
Brazil 168 179,755 Linhares
13%
Paraguay 4 170,986 Luque
13%
Brazil 109 266,136 Macaé
13%
Colombia 39 164,424 Maicao
13%
Brazil 179 167,668 Maricá
13%
Brazil 126 242,249 Marília
13%
Brazil 50 481,725 Mauá
13%
Brazil 160 187,733 Nossa Senhora do Socorro
13%
Brazil 159 191,664 Nova Friburgo
13%
Brazil 191 157,378 Paranaguá
13%
Brazil 143 218,787 Parauapebas
13%
Brazil 194 154,641 Patos de Minas
13%
Brazil 83 336,919 Paulista
13%
Brazil 84 336,454 Praia Grande
13%
Chile 11 212,695 Rancagua
13%
Brazil 152 209,548 Rio Claro
13%
Argentina 25 157,010 Río Cuarto
13%
Brazil 187 159,529 Rio das Ostras
13%
Colombia 33 195,499 San Juan de Girón
13%
Brazil 184 162,763 São Caetano do Sul
13%
Brazil 51 473,385 São João de Meriti
13%
Brazil 167 180,345 São José de Ribamar
13%
Brazil 86 334,620 São José dos Pinhais
13%
Brazil 124 243,950 Sete Lagoas
13%
Peru 16 201,302 Sullana
13%
Brazil 98 289,875 Sumaré
13%
Brazil 95 303,397 Suzano
13%
Brazil 88 320,820 Taubaté
13%
Brazil 182 164,290 Teixeira de Freitas
13%
Brazil 177 171,317 Timon
13%
Colombia 29 219,148 Tuluá
13%
Brazil 114 257,330 Viamão
13%
Brazil 122 244,370 Americana
10%
Colombia 34 195,068 Apartadó
10%
Brazil 175 172,346 Bragança Paulista
10%
Brazil 78 349,728 Canoas
10%
Argentina 24 159,139 Catamarca
10%
Peru 18 177,219 Chincha Alta
10%
Brazil 113 257,882 Cotia
10%
Colombia 31 204,739 Dosquebradas
10%
Brazil 136 227,990 Dourados
10%
Venezuela 21 250,257 El Vigía
10%
Colombia 28 238,221 Envigado
10%
Brazil 157 198,661 Ferraz de Vasconcelos
10%
Brazil 170 179,372 Francisco Morato
10%
Brazil 188 158,438 Franco da Rocha
10%
Brazil 166 183,755 Guarapuava
10%
Venezuela 30 181,657 Guarenas
10%
Peru 20 153,728 Huacho
10%
Brazil 165 184,030 Ibirité
10%
Brazil 110 260,690 Indaiatuba
10%
Brazil 121 244,416 Itaboraí
10%
Brazil 180 167,106 Itapetininga
10%
Brazil 123 244,131 Itapevi
10%
Brazil 131 237,119 Jacareí
10%
Brazil 164 184,579 Jaraguá do Sul
10%
Brazil 192 157,158 Lages
10%
Brazil 90 310,783 Limeira
10%
Brazil 173 177,016 Mesquita
10%
Brazil 196 154,146 Mogi Guaçu
10%
Brazil 171 178,679 Palhoça
10%
Venezuela 11 364,684 Petare
10%
Brazil 178 169,838 Poços de Caldas
10%
Venezuela 35 163,886 Puerto Cabello
10%
Brazil 201 152,311 Queimados
10%
Ecuador 10 173,585 Quevedo
10%
Venezuela 23 220,786 San Felipe del Rey
10%
Venezuela 34 165,135 San Fernando de Apure
10%
Brazil 128 240,378 São Leopoldo
10%
Brazil 70 370,839 São Vicente
10%
Brazil 96 297,528 Taboão da Serra
10%
Chile 6 252,968 Talcahuano
10%
Colombia 30 212,692 Tumaco
10%
Colombia 32 199,221 Tunja
10%
Venezuela 13 344,746 Turmero
10%
Paraguay 5 154,274 Capiatá
8%
Venezuela 37 151,788 Guacara
8%
Brazil 169 179,574 Itapecerica da Serra
8%
Venezuela 36 157,437 Naguanagua
8%
Colombia 40 159,760 Piedecuesta
8%
Argentina 10 296,826 Pilar
8%
Ecuador 8 206,682 Portoviejo
8%
Brazil 195 154,293 Pouso Alegre
8%
Venezuela 24 218,228 Puerto la Cruz
8%
Venezuela 27 187,215 San Diego
8%
Brazil 158 195,278 Santa Bárbara d'Oeste
8%
Venezuela 20 260,899 Santa Teresa del Tuy
8%
Colombia 38 172,314 Turbo
8%
Venezuela 32 168,856 Upata
8%
Colombia 35 192,721 Uribia
8%
Brazil 64 405,375 Carapicuíba
5%
Venezuela 29 182,925 Cúa
5%
Argentina 19 191,299 Godoy Cruz
5%
Venezuela 19 270,792 La Guaira
5%
Argentina 20 189,067 Las Heras
5%
Venezuela 31 169,541 Los Guayos
5%
Venezuela 33 166,112 Ocumare del Tuy
5%
No matching quizzes found
Score Distribution
Percent of People with Each Score
Percentile by Number Answered
Your Score History
You have not taken this quiz